MARC

LEADER 00000nam0a2200000 4500
001 33435
005 20231030214125.0
035 |a (RuTPU)RU\TPU\book\33775 
035 |a BOOK00000426 
090 |a 33435 
100 |a 20011210d1984 m y0rusy50 ca 
101 0 |a rus 
102 |a RU 
105 |a y j 000zy 
200 1 |a Технология ЭВА, оборудование и автоматизация  |e учебное пособие  |f В. Н. Гриднев, В. Г. Алексеев, Ю. И. Нестеров, Г. В. Филин 
210 |a Москва  |c Высшая школа  |d 1984 
215 |a 392 с. 
610 1 |a приборостроение 
610 1 |a электронная техника 
610 1 |a материалы 
610 1 |a изделия 
610 1 |a ЭВА 
610 1 |a технология 
610 1 |a оборудование 
610 1 |a автоматизация 
610 1 |a учебные пособия 
675 |a 681.3.002(075.8)  |v 3 
701 1 |a Гриднев  |b В. Н.  |g Владимир Николаевич 
701 1 |a Алексеев  |b В. Г.  |g Виктор Григорьевич 
701 1 |a Нестеров  |b Ю. И.  |g Юрий Иванович 
701 1 |a Филин  |b Г. В.  |g Георгий Витальевич 
801 0 |a RU  |b 63413507  |c 20011210  |g PSBO 
801 2 |a RU  |b 63413507  |c 20160126  |g PSBO 
900 |a Технология приборостроения 
900 |a Технология материалов и изделий электронной техники 
942 |c BK